Central Library OPAC University of Rajshahi

The prose works of William Wordsworth / (Record no. 22428)

MARC details
000 -LEADER
fixed length control field 00950nam a2200253 a 4500
001 - CONTROL NUMBER
control field 22428
003 - CONTROL NUMBER IDENTIFIER
rucl marc code BD-RjUL
005 - DATE AND TIME OF LATEST TRANSACTION
control field 20250527144743.0
008 - FIXED-LENGTH DATA ELEMENTS--GENERAL INFORMATION
fixed length control field 880808t19671876nyu 001 1 eng
035 ## - SYSTEM CONTROL NUMBER
System control number (BD-RjUL)22493
040 ## - CATALOGING SOURCE
Original cataloging agency DLC
Transcribing agency MIA
Modifying agency BD-RjUL
Language of cataloging eng
041 ## - LANGUAGE CODE
Language code of text/sound track or separate title eng
082 00 - DEWEY DECIMAL CLASSIFICATION NUMBER
Classification number 824.7
Author mark and year WOP 1967
100 1# - MAIN ENTRY--PERSONAL NAME
Personal name Wordsworth, William,
Dates associated with a name 1770-1850.
9 (RLIN) 69250
245 14 - TITLE STATEMENT
Title The prose works of William Wordsworth /
Statement of responsibility, etc. For the first time collected, with additions from unpublished manuscripts. Edited, with preface, notes and illustrations, by the Rev. Alexander B. Grosart.
260 ## - PUBLICATION, DISTRIBUTION, ETC. (IMPRINT)
Place of publication, distribution, etc. New York :
Name of publisher, distributor, etc. AMS Press,
Date of publication, distribution, etc. 1876 [Printing 1967].
300 ## - PHYSICAL DESCRIPTION
Pagination v. ;
Size 23 cm.
504 ## - BIBLIOGRAPHY, ETC. NOTE
Bibliography, etc Includes index.
505 0# - FORMATTED CONTENTS NOTE
Formatted contents note v. 1. Political and ethical.--v. 2. Aesthetical and literary.--v. 3. Critical and ethical.
650 #0 - SUBJECT ADDED ENTRY--TOPICAL TERM
Topical term or geographic name as entry element English literature.
9 (RLIN) 69251
700 1# - ADDED ENTRY--PERSONAL NAME
Personal name Grosart, Alexander Balloch,
Dates associated with a name 1827-1899.
942 ## - ADDED ENTRY ELEMENTS (KOHA)
Source of classification or shelving scheme Dewey Decimal Classification
Koha item type Books
Holdings
Lost status Source of classification or shelving scheme Damaged status Not for loan Collection code Permanent Location Current Location Shelving location Date acquired Source of acquisition Cost, normal purchase price Full call number Date last seen Copy number Koha item type Total Checkouts
  Dewey Decimal Classification   Not For Loan Fiction Central Library, University of Rajshahi Central Library, University of Rajshahi Reading Room 30/01/1971 Zeitlinger 665.00 824.7 WOP V-3 1967 08/03/2014 C-1 Books  
  Dewey Decimal Classification   Not For Loan Fiction Central Library, University of Rajshahi Central Library, University of Rajshahi Reading Room 31/12/1970 Swets & Zeitlinger   824.7 WOP V-1 1967 27/05/2025 C-1 Books